| 000 | 01069nam a2200301 i 4500 | ||
|---|---|---|---|
| 001 | 000015468 | ||
| 003 | DO-SdBNP | ||
| 005 | 20240529093514.0 | ||
| 007 | ta | ||
| 008 | 100210s2003 dr 000 0 spa d | ||
| 020 | _a9993493228 | ||
| 040 |
_aDO-SdBNP _bspa _cBNPHU _erda |
||
| 049 | _aBNPD | ||
| 082 | 4 |
_a610.9 _bC355e _222 |
|
| 100 | 1 |
_aSantiago Castro Ventura, _d1949- _934944 _eautor |
|
| 245 | 1 | 0 |
_aEvangelina Rodríguez : _bpionera médica dominicana / _cSantiago Castro Ventura ; presentación, Amarilis Herrera ; prólogo, José Díaz. |
| 264 |
_aSanto Domingo : _bManatí, _c2003. |
||
| 300 |
_a139 páginas ; _c21 cm. |
||
| 336 |
_2rdacontent _atexto _btxt |
||
| 337 |
_2rdamedia _asin mediación _bn |
||
| 338 |
_2rdacarrier _avolumen _bnc |
||
| 500 | _aIncluye datos biográficos del autor en la contracubierta | ||
| 504 | _aIncluye referencias bibliográficas y notas al pie de las páginas | ||
| 590 | _aInventariado, 2024/BT | ||
| 700 | 1 |
_aHerrera, Amarilis, _934945 _epresentación |
|
| 700 | 1 |
_aDíaz, José, _eprólogo _99448 |
|
| 942 |
_2ddc _cLBS1 |
||
| 999 |
_c15024 _d15024 |
||